Tratamiento fiscal de los intereses /
En esta obra se analizan las disposiciones relativas al tratamiento fiscal de los intereses en el ISR para personas morales y físicas residentes en México. Se plantean las generalidades y casos especiales de acumulación y deducción de los intereses, del tratamiento aplicable a las operaciones financ...
-д хадгалсан:
| Үндсэн зохиолч: | |
|---|---|
| Формат: | Ном |
| Хэл сонгох: | испани |
| Хэвлэсэн: |
México :
ISEF,
1998, c1998
|
| Хэвлэл: | 3a edición |
| Нөхцлүүд: | |
| Шошгууд: |
Шошго байхгүй, Энэхүү баримтыг шошголох эхний хүн болох!
|
MARC
| LEADER | 00000nam^a2200000^a^4500 | ||
|---|---|---|---|
| 001 | 000091958 | ||
| 005 | 20250521000000.0 | ||
| 009 | 20260310092706.168 | ||
| 020 | |a 968-7427-50-7 | ||
| 037 | |a Acervo ITESO - Biblioteca | ||
| 041 | |a ESP | ||
| 082 | |a 657. 46 |b BAR | ||
| 100 | |a Barrón Morales, Alejandro |e (autor) | ||
| 245 | 1 | 0 | |a Tratamiento fiscal de los intereses / |c A. Barrón Morales. |
| 250 | |a 3a edición | ||
| 264 | 4 | |a México : |b ISEF, |c 1998, c1998 | |
| 300 | |a 133 p. | ||
| 336 | |a texto |b txt |2 rdacontenido | ||
| 337 | |a sin mediación |b n |2 rdamedio | ||
| 338 | |a volumen |b nc |2 rdasoporte | ||
| 520 | |a En esta obra se analizan las disposiciones relativas al tratamiento fiscal de los intereses en el ISR para personas morales y físicas residentes en México. Se plantean las generalidades y casos especiales de acumulación y deducción de los intereses, del tratamiento aplicable a las operaciones financieras derivadas de deuda, y aspectos del tema relativos al IVA. | ||
| 649 | |a XX | ||
| 650 | |a Interés (Economía) | ||
| 650 | |a Impuestos - |z México | ||
| 650 | |a Impuestos al Valor Agregado | ||
| 650 | |a Impuestos sobre la Renta | ||
| 650 | |a Derecho Fiscal - |z México | ||
| 650 | |a Derecho Financiero - |z México | ||
| 650 | |a Derecho Público | ||
| 650 | |a Crédito | ||
| 650 | |a Contabilidad Fiscal | ||
| 910 | |a Fondo General | ||
| 920 | |a Impresos - Libros | ||
| 930 | |a Colección General | ||
| 905 | |a 101 | ||
| 901 | |a 0500026286 |b IT1 |c ACC |u 20250521 | ||
| 902 | |a https://opac.biblio.iteso.mx/vufind/Record/000091958 | ||